000 00577nam a22002177a 4500
003 UA-OsUOA
001 20246
007 ta
008 20040511b un ||||| |||| 00| 0 ukr d
090 _bВ-543
942 _cBK
040 _aUA-OsUOA
_bukr
_cUA-OsUOA
_dUA-OsUOA
245 _aВитоки тисячоліття
_bНаукові записки Рівненського міського ліцею
300 _a164 с.
955 _a0
041 _aukr
591 _a20
260 _aРівне
_c2003
044 _aUA
650 7 _aКраєзнавча робота
_2UDC
999 _c306420
_d306420